000 00417nam a2200133Ia 4500
008 220217s9999||||xx |||||||||||||| ||und||
020 _a978-81-265-1664-3
082 _a005.13 WAT
100 _aWatson, Karli. Nagel, Christian. Pedersen, Jacob Hammer. Rei
245 0 _aBeginning microsoft visual C# 2008
260 _aWiley india Pvt.Ltd.
_bNew Delhi
_c2008
300 _b599
650 _aPROGRAMMING LANGUAGE
999 _c177432
_d177432